Culture générale #4 - Statistiques

Statistiques générales
  • Ce quiz a été pris 57 fois
  • Le résultat moyen est 6 sur 15
Statistiques - réponses
Question Réponse % Correct
Service de renseignement israélien réputé pour être l'un des meilleurs. Mossad
72%
Figure française socialiste marquante de la IV République à l'origine des congés payés. Léon Blum
70%
La "licorne des mers" Narval
68%
Capitale du Pakistan Islamabad
60%
Dictateur portugais de 1933 à 1974. António de Oliveira Salazar
49%
Inventeurs de la montgolfière au XVIIIème siècle frères Montgolfier
45%
Série d'environ 250 peintures à l'huile impressionnistes élaborées par le peintre français Claude Monet pendant les 31 dernières années de sa vie représentant principalement des fleurs. Les Nymphéas
45%
Bataille marquante de la guerre de Cents ans ayant lieu en 1415. Elle se conclu par un victoire écrasante des troupes anglaises malgré leur grande infériorité numérique. C'est une véritable humiliation pour le Royaume de France. Bataille d'Azincourt
34%
Pays produisant le plus de lait au monde avec 23% de la production mondiale Inde
34%
Compagnie pétrolière malaisienne ayant donné son nom aux tours jumelles de Kuala Lumpur. Petronas
34%
Pays asiatique doublement enclavé. Ouzbékistan
28%
Chef de guerre breton du XIVe siècle et connétable de France, s’illustre durant la guerre de Cent Ans en permettant au roi Charles V de reprendre l’avantage sur les Anglais. Il est réputé pour sa laideur. Bertrand du Guesclin
11%
Agence européenne de garde-frontières et de garde-côtes Frontex
11%
Île yéménite au large de la Somalie possédant une biodiversité endémique hors du commun. Socotra
11%
Géant français du Btp coté au CAC 40 fondé par Colbert Saint-Gobain
2%
Aucun quiz correspondant
Distribution des résultats
% des personnes avec chaque résultat
Percentile par nombre de réponses
Votre historique - résultats
Vous n’avez pas pris ce quiz